Estado de la marina mercante española y medios de fomentarla : (Record no. 98670)

MARC details
000 -LEADER
campo de control de longitud fija 01119nam a2200253 i 4500
001 - NÚMERO DE CONTROL
campo de control 98670
003 - IDENTIFICADOR DE NÚMERO DE CONTROL
campo de control ES-MaACL
005 - FECHA Y HORA DE LA ÚLTIMA TRANSACCIÓN
campo de control 20250907063058.0
007 - CAMPO FIJO DE DESCRIPCIÓN FÍSICA--INFORMACIÓN GENERAL
campo de control de longitud fija t|
008 - DATOS DE LONGITUD FIJA--INFORMACIÓN GENERAL
campo de control de longitud fija 950920s1883 sp ||||1| spa d
040 ## - FUENTE DE CATALOGACIÓN
Centro catalogador/agencia de origen CAM
Lengua de catalogación spa
Centro/agencia transcriptor CAM
100 1# - ENTRADA PRINCIPAL--NOMBRE DE PERSONA
Nombre de persona Elías de Molins, José,
Fechas asociadas al nombre 1848-1928
9 (RLIN) 46975
245 10 - MENCIÓN DEL TÍTULO
Título Estado de la marina mercante española y medios de fomentarla :
Resto del título discurso pronunciado en el Congreso de Geografía Colonial y Mercantil por José Elías de Molins ... en la sesión celebrada el día 12 de noviembre de 1883...
260 ## - PUBLICACIÓN, DISTRIBUCIÓN, ETC.
Lugar de publicación, distribución, etc. Barcelona :
Nombre del editor, distribuidor, etc. [s.n.],
Fecha de publicación, distribución, etc. 1883 (
Fabricante Imp. Sindicato del Concurso de Damián Vilarnau)
300 ## - DESCRIPCIÓN FÍSICA
Extensión 30 p. ;
Dimensiones 25 cm.
530 ## - NOTA DISPONIBLE DE FORMULARIO FÍSICO ADICIONAL
Nota de formato físico adicional disponible Disponible en formato digital.
611 2# - PUNTO DE ACCESO ADICIONAL DE MATERIA--NOMBRE DE REUNIÓN/CONGRESO
Nombre de congreso/reunión o jurisdicción como elemento de entrada Congreso Español de Geografía Colonial y Mercantil
Número del congreso/reunión o número de parte o sección (1º.
Fecha del congreso o de la firma del tratado 1883.
Sede del congreso/Lugar de la reunión Madrid)
9 (RLIN) 241770
650 #4 - PUNTO DE ACCESO ADICIONAL DE MATERIA--TÉRMINO DE MATERIA
Término de materia o nombre geográfico como elemento de entrada Marina mercante-
Subdivisión geográfica España-
Subdivisión cronológica S.XIX.
9 (RLIN) 153540
650 #4 - PUNTO DE ACCESO ADICIONAL DE MATERIA--TÉRMINO DE MATERIA
Término de materia o nombre geográfico como elemento de entrada Transportes marítimos-
Subdivisión geográfica España.
9 (RLIN) 141606
852 ## - LOCALIZACIÓN
Ubicación ES-MaACL
Número de control de estantería T-441-F-9
856 ## - LOCALIZACIÓN Y ACCESO ELECTRÓNICOS
Identificador Uniforme de Recursos <a href="http://bdh-rd.bne.es/viewer.vm?id=0000129993&page=1 ">http://bdh-rd.bne.es/viewer.vm?id=0000129993&page=1 </a>
Nota pública Biblioteca Digital Hispánica
942 ## - ELEMENTOS DE ENTRADA SECUNDARIOS (KOHA)
Fuente del sistema de clasificación o colocación Clasificación decimal universal
Holdings
Estatus retirado Estado de pérdida Estado de daño No para préstamo Colección Biblioteca de origen Biblioteca actual Ubicación en estantería Fecha de adquisición Fuente de adquisición Total de préstamos Signatura topográfica completa Código de barras Visto por última vez Precio de reemplazo Tipo de ítem Koha
        Colección de folletos Biblioteca del Ateneo de Madrid Biblioteca del Ateneo de Madrid Depósito folletos 17/01/2008     T-441-F-9 1103008 23/02/2023 23/02/2023 Folleto